00962nam a2200265Ia 450000100060000000300090000600800410001504000130005604000130006904100130008210000280009510000290012324500660015224500650021825000110028326000100029426000130030426000490031730000430036650001940040965000150060365000310061870000190064970000280066837984IT-RoPAU130308s9999 xx 000 0 und d aIT-RoPAU cIT-RoPAU aFRANCESE aGreimas Algirdas Julien gCodice Aut. SPICS: 5822 aSemiotique-Dictionnaire raisonnè€ de la theorie du langage-2 bSemiotique-Dictionnaire Raisonne' de la Theorie Du Langage-2 a1a ed. aPARIS bHachette c1986 [1° Ed.:1986 - Ed.Ling.Originale:1986] a"272 p. (prefazione: no ; testo: 272)" aSemiotica: Dizionario ragionato della Teoria del Linguaggio. brevi Note Sui termini maggiormente in Uso in Campo Semiotico. collaborazione di vari Autori per le Singole Voci del Dizionario. aSEMIOLOGIA eCodice materia Spics: 3251 aCourtes Joseph gCodice Aut. SPICS: 7731